000 01539cad a22002535a 4500
001 L148959
008 091207e20091202xxk f f000 0 eng d
035 _a(Sirsi) u148959
041 0 _aeng
050 0 4 _a347.4104 $2 18
110 1 _aUnited Kingdom
_bMinistry of Justice
_95477
245 0 0 _aReview of fees for the Lands Tribunal
_b(The Lands Chamber of the Upper Tribunal)
_h[electronic resource]
260 _aLondon
_bMinistry of Justice
_c2009
490 0 _aMinistry of Justice Consultation Paper
_v(CP44/09) 2 December 2009
505 2 _aExecutive summary -- Introduction -- The proposals -- Background to the proposals -- Fees for lodging an appeal -- Questionnaire -- About you -- Contact details/How to respond -- Consultation Co-ordinator contact details
520 _aSeeks views on the government's plans to increase the level of fee income to recover 50% of the tribunal's running costs. Reviews in detail proposed changes to fees and provides as an option an alternative basis for calculating some fees. Tables showing the current and proposed fee levels can be found at Annex A and B.
520 _aDeadline for comments is 28 February 2010.
521 1 _aAdvanced
590 _aKA NTK
651 4 _aEngland and Wales
_y1543-
690 _aMANAGEMENT-DISPUTE AVOIDANCE, MANAGEMENT AND RESOLUTION-DISPUTE MANAGEMENT AND RESOLUTION-TRIBUNALS-LANDS TRIBUNAL
856 4 0 _uhttps://www.justice.gov.uk/latest-updates/lands-tribunal-fees.htm
_zView the consultation free of charge at www.justice.gov.uk...
942 _n0
999 _c110306
_d110306